Die Bedeutung des Deutschbalten Heinrich Pirang (1876-1936) in der Architekt- und Kunsgeschichte Lettlands

Titel: Die Bedeutung des Deutschbalten Heinrich Pirang (1876-1936) in der Architekt- und Kunsgeschichte Lettlands
Verfasser:
In: Deutsch-Baltisches Jahrbuch, Band 61 (2013), Seite 79-87
alle Artikel anzeigen
Veröffentlicht: 2013
Format: Aufsatz
Sprache: Deutsch
Kein Bild verfügbar
X
alg: 39231401
001A    $01999:11-11-16 
001B    $01999:17-05-21 $t20:30:39.000 
001D    $01999:11-11-16 
001U    $0utf8 
001X    $00 
002@    $0Aox 
003@    $0392314010 
007A    $0392314010 $aHEB 
007T    $0Herdc0102148m 
010@    $ager 
011@    $a2013 
021A    $aDie @Bedeutung des Deutschbalten Heinrich Pirang (1876-1936) in der Architekt- und Kunsgeschichte Lettlands 
028A    $#Lancmanis, I. $#Lancmanis, I. N. $#Lancmanis, Imant $#Lantsmanis, I. N. $#Lantsmanis, Imant $#Lantsmanis, Imant Nikolaevich $#Lancmanis, Imant Nikolaevič $#Lancmanis, Imant N. $7128829621 $8Lancmanis, Imants$Z1941- [Tp1] $9159266181 
031A    $d61 $h79-87 $j2013 
039B    $aIn $8--Abvc--. Deutsch-Baltisches Jahrbuch. - Lüneburg : Carl-Schirren-Ges., 2013-. - ISSN 2367-1661 $x201300000610000921 $9327964006 
045F    $a929.094796 $eDDC23BSB 
045F/01 $a929 
045F/03 $g4796 

lok: 39231401 78

exp: 39231401 78 1 #EPN
201B/01 $018-03-21 $t22:54:19.000 
201U/01 $0utf8 
203@/01 $0788410822 
208@/01 $a11-11-16 $be 
209A/01 $a/ $f000 $x00 
220C/01 $aTitelaufnehmer: kk 
220C/01 $aHerkunft: HI Marburg 
244Z/01 $2Trx $#Latvija $#Lettland $#Łotwa $#Lotyšsko $8--Trx--Latvija $x01 $9391275879 
244Z/01 $aGeschichte 1876-1936 $x02 
244Z/01 $7117688991 $8--Tp1--Pirang, Heinz$Z1876-1936 $x03 $9151436282 
244Z/01 $2Trx $#baltisakslased $#Pabaltijo vokiečiai $#German Balts $#német-balti népek $#Niemcy bałtyccy $#Nemci pobaltskí $#Němci pobaltskí $8--Trx--Deutschbalten $x04 $9391369946 
244Z/01 $2Trx $#arhitektid $#architektai $#architects $#épitészek $#architekci $#architekti $#architekti $8--Trx--Architekten $x05 $9391365967 
244Z/01 $2Trx $#kunstiajaloolased $#meno istorikai $#art historians $#müvészettörténész $#historycy sztuki $#historici umenia $#historici umění $8--Trx--Kunsthistoriker $x06 $9391366505 
244Z/01 $2Trx $#mõisad $#dvarai $#Manors $#jószágok $#dwory ziemiańskie $#statky zemianske $#statky budovy $#Gutshöfe $#kaštiele $8--Trx--Gutshäuser $x07 $9391372025 
244Z/01 $2Trx $#ajakirjandus $#publicistika $#Journalism $#újságírás $#publicystyka $#publicistika $#publicistika $8--Trx--Publizistik $x08 $9391353039 
244Z/01 $2Trx $8--Trx--Zeitschriftenaufsatz $x09 $9391384341 
245Z/01 $a12.03 $x01 
247C/01 $82080>Marburg/Lahn, Herder-Institut, Forschungsbibliothek, Bibliographieportal $9336309341
LEADER 00000caa a22000002c 4500
001 392314010
003 DE-603
005 20210517203039.0
007 tu
008 161111s2013 xx |||| | u00||u|ger c
035 |a (DE-599)HEB392314010 
040 |a DE-603  |b ger  |c DE-603  |d DE-603 
041 |a ger 
082 0 4 |8 1\u  |a 929.094796  |q DE-101  |2 23/BSB 
085 |8 1\u  |b 929 
085 |8 1\u  |z 2  |s 4796 
100 1 |a Lancmanis, Imants  |d 1941-  |0 (DE-603)159266181  |0 (DE-588)128829621  |2 gnd 
245 0 0 |a ˜Dieœ Bedeutung des Deutschbalten Heinrich Pirang (1876-1936) in der Architekt- und Kunsgeschichte Lettlands 
264 0 |c 2013 
773 0 8 |i In  |t Deutsch-Baltisches Jahrbuch  |d Lüneburg : Carl-Schirren-Ges., 2013-  |h 21 cm  |x 2367-1661  |g Band 61 (2013), Seite 79-87  |w (DE-603)327964006  |w (DE-600)2731779-1 
924 0 |9 2080  |a (DE-603)788410822  |b DE-2080  |c HES  |d d  |g /